What Country is Surrounded by these Countries? #2 - Statistics

General Stats
  • This quiz has been taken 20 times
  • The average score is 9 of 10
Answer Stats
Hint Answer % Correct
France, Germany, Luxembourg, Netherlands Belgium
100%
Finland, Sweden, Russia Norway
100%
China, Iran, Pakistan, Tajikistan, Turkmenistan, Uzbekistan Afghanistan
95%
Azerbaijan, Georgia, Iran, Türkiye Armenia
95%
Brazil, Ecuador, Panama, Peru, Venezuela Colombia
95%
Romania, Ukraine Moldova
95%
China, India Nepal Bhutan
95%
Saudi Arabia Qatar
95%
Democratic Republic of the Congo, Kenya, Rwanda, South Sudan, Tanzania Uganda
89%
Angola, Botswana, Democratic Republic of the Congo, Malawi, Mozambique, Namibia, Tanzania, Zimbabwe Zambia
89%
No matching quizzes found
Score Distribution
Percent of People with Each Score
Percentile by Number Answered
Your Score History
You have not taken this quiz